000 00552nam a2200217Ia 4500
003 OSt
005 20220928144950.0
006 a|||||r|||| 00| 0
007 ta
008 220927b |||||||| |||| 00| 0 eng d
024 _a77498
037 _cTextual
040 _aSDCL
_cSDCL
_beng
041 _2eng
_aeng
082 _aO-973,1:g, K6
100 _aDembo L S
_9510690
245 0 _aConceptions of reality in modern American poetry.
260 _c1966
942 _hO-973,1:g, K6
_cTEXL
_2CC
999 _c830828
_d830828